COMBAT AIRCRAFT OF THE WORLD FROM 1909 TO THE PRESENT (Record no. 583015)
[ view plain ]
| 000 -LEADER | |
|---|---|
| fixed length control field | 00283nam a22001097a 4500 |
| 082 ## - DEWEY DECIMAL CLASSIFICATION NUMBER | |
| Classification number | 623.746 COM'T |
| 100 ## - MAIN ENTRY--PERSONAL NAME | |
| Personal name | TAYLOR, JOHN W. A |
| 9 (RLIN) | 77801 |
| 245 ## - TITLE STATEMENT | |
| Title | COMBAT AIRCRAFT OF THE WORLD FROM 1909 TO THE PRESENT |
| 260 ## - PUBLICATION, DISTRIBUTION, ETC. | |
| Place of publication, distribution, etc. | NEWYORK |
| Name of publisher, distributor, etc. | G. P. PUTNAMS |
| Date of publication, distribution, etc. | 1969 |
| 300 ## - PHYSICAL DESCRIPTION | |
| Extent | 647P |
| 942 ## - ADDED ENTRY ELEMENTS (KOHA) | |
| Koha item type | Book |
| Withdrawn status | Lost status | Damaged status | Not for loan | Permanent Location | Current Location | Shelving location | Date acquired | Total Checkouts | Full call number | Barcode | Date last seen | Price effective from | Koha item type |
|---|---|---|---|---|---|---|---|---|---|---|---|---|---|
| College of Electrical & Mechanical Engineering (CEME) | College of Electrical & Mechanical Engineering (CEME) | General Stacks | 06/12/2017 | 623.746 COM'T | CEME-8958 | 06/28/2021 | 06/28/2021 | Book |
